| 000 | 00839nas a2200253 4500 | ||
|---|---|---|---|
| 001 | BR7601011 | ||
| 003 | BR-BrBNA | ||
| 005 | 20231205082918.0 | ||
| 007 | ta | ||
| 008 | 230509b bl.|||p| |||| 00| 00por d | ||
| 040 |
_aBR-BrBNA _bpor _cBiblioteca Nacional de Agricultura |
||
| 041 | _a(Pt) | ||
| 072 | _aH10 | ||
| 100 | 1 | _aPigatti, A. | |
| 100 | 1 | _aTakematsu, A.P. | |
| 100 | 1 | _aAlmeida, P.R. de | |
| 245 | 1 | _aVerificacao da atividade inseticida de piretroide, 1: Ensaios de laboratorio de campo com Oiketicus Kirbyi, guild, 1837 - (Lepidoptera: Psichidae)[Bicho cesto] | |
| 650 | _aINSETICIDA PIRETROIDE | ||
| 650 | _aBICHO CESTO | ||
| 650 | _aCONTROLE QUIMICO | ||
| 773 | 0 |
_tBiologico (Brazil) _xISSN 0045-2041 _g(Oct 1975), v. 41(10) p. 294-298 _wBR7601011 |
|
| 909 |
_a202311 _bLúcia _c55 _dLúcia Elande |
||
| 942 |
_2AGRIS _n0 _cANA |
||
| 999 |
_c95058 _d95058 |
||